Die 10 Länder mit dem größten GDP in Südamerika - Statistiken

Allgemein
  • Dieses Quiz wurde 119 mal gespielt
    85 seit der letzten Aktualisierung
  • Das Durchschnittsergebnis liegt bei 9 aus 10
Antwortstatistiken
GDP in Millionen US-Dollar Land % Korrekt
2.054.969 Brasilien
100%
277.042 Chile
100%
519.487 Argentinien
97%
58.415 Uruguay
95%
102.311 Ecuador
94%
215.224 Peru
94%
210.085 Venezuela
92%
309.197 Kolumbien
91%
29.619 Paraguay
91%
37.776 Bolivien
90%
Keine übereinstimmenden Quizze gefunden
Verteilung der Resultate
Anzahl Personen mit jedem Resultat
Perzentil nach korrekt beantworteten Fragen
Ihre Resultats-Entwicklung
Sie haben dieses Quiz seit der letzten Aktualisierung nicht gespielt